Violencia, droga y sexo entre los huicholes /

Estudio etnográfico sustentado en el contacto cotidiano del autor por alrededor de 14 años con las comunidades huicholas de la zona de Nayarit, en el que explica a partir de la cosmovisión indígena los móviles de sus comportamientos violentos y los modos de asumir sus prácticas sexuales, en la mayor...

Whakaahuatanga katoa

I tiakina i:
Ngā taipitopito rārangi puna kōrero
Kaituhi matua: Palafox Vargas, Miguel (autor)
Hōputu: Pukapuka
Reo:Pāniora
I whakaputaina: México : INAH, 1985, c1985
Rangatū:(Divulgación INAH. Testimonios)
Ngā marau:
Ngā Tūtohu: Tāpirihia he Tūtohu
Kāore He Tūtohu, Me noho koe te mea tuatahi ki te tūtohu i tēnei pūkete!

MARC

LEADER 00000nam^a2200000^a^4500
001 000326750
005 20250521000000.0
009 20260310113816.876
020 |a 968-6038-00-0 
037 |a Acervo Xavier Clavigero 
041 |a ESP 
082 |a 306. 0899745  |b PAL 
100 |a Palafox Vargas, Miguel  |e (autor) 
245 1 0 |a Violencia, droga y sexo entre los huicholes /  |c M. Palafox Vargas. 
264 4 |a México :  |b INAH,  |c 1985, c1985 
300 |a 214 p. 
336 |a texto  |b txt  |2 rdacontenido 
337 |a sin mediación  |b n  |2 rdamedio 
338 |a volumen  |b nc  |2 rdasoporte 
440 1 |a (Divulgación INAH.  |p Testimonios) 
520 |a Estudio etnográfico sustentado en el contacto cotidiano del autor por alrededor de 14 años con las comunidades huicholas de la zona de Nayarit, en el que explica a partir de la cosmovisión indígena los móviles de sus comportamientos violentos y los modos de asumir sus prácticas sexuales, en la mayor de las veces contradictorias con la concepción mestiza. 
649 |a XX 
650 |a Huicholes -  |x Condiciones Sociales y Culturales -  |x Tema Principal 
650 |a Indígenas de México -  |z Nayarit -  |x Condiciones Sociales y Culturales 
650 |a Violencia -  |z Nayarit 
650 |a Violencia -  |z México 
650 |a Drogadicción -  |z Nayarit 
650 |a Drogadicción -  |z México 
650 |a Prácticas Sexuales -  |z Nayarit 
650 |a Prácticas Sexuales -  |z México 
650 |a Sexualidad -  |z Nayarit 
650 |a Sexualidad -  |z México 
650 |a Problemas Sociales -  |z Nayarit 
650 |a Problemas Sociales -  |z México 
650 |a Prácticas Culturales -  |z Nayarit 
650 |a Prácticas Culturales -  |z México 
650 |a Antropología Cultural 
910 |a Fondo General 
920 |a Impresos - Libros 
930 |a Colección General 
905 |a 101 
901 |a 0500215610  |b IT1  |c ACC  |u 20250521 
902 |a https://opac.biblio.iteso.mx/vufind/Record/000326750